Freaky REMIX - Lenny Tavárez, DIA, Maldy, Alejo, Rafa Pabon, Moffa - Estadísticas

Estadísticas generales
  • Esta prueba ha sido intentada 284 veces
  • La puntuación promedio es 159 de 498
Estadísticas de respuestas
Letra % Correcto
no
100%
Si
100%
tu
100%
100%
Tu
100%
100%
a
75%
'e
75%
El
75%
el
75%
'el
75%
freaky
75%
Freaky
75%
la
75%
La
75%
que
75%
Que
75%
¿Qué
75%
Sabe
75%
Sabe'
75%
te
75%
Te
75%
Y
75%
y
75%
Yo
75%
yo
75%
Baby
50%
boca
50%
ca'
50%
como
50%
Como
50%
con
50%
Con
50%
de
50%
De
50%
ella
50%
Es
50%
es
50%
le
50%
noche
50%
nos
50%
Nos
50%
nosotros
50%
Pa'
50%
pa'
50%
puede
50%
quieres
50%
quiero
50%
Quiero
50%
sin
50%
Sin
50%
soy
50%
soy?
50%
ti
50%
Un
50%
un
50%
ve'
50%
alla
25%
allí
25%
así
25%
bebé
25%
bellacona
25%
bien
25%
booty
25%
cara
25%
carita
25%
chingar
25%
comer
25%
contigo
25%
Cuando
25%
culo
25%
dar
25%
despacito
25%
dije
25%
dio
25%
Donde
25%
dónde
25%
¿Dónde
25%
en
25%
En
25%
eres
25%
esa
25%
Esa
25%
esa'
25%
Ese
25%
ese
25%
eso
25%
Fonsi
25%
gusta
25%
ha
25%
jiggy
25%
las
25%
lo
25%
loco
25%
Los
25%
los
25%
Maldy
25%
me
25%
Me
25%
mi
25%
Nadie
25%
nadie
25%
par
25%
pero
25%
Pero
25%
poco
25%
por
25%
Porque
25%
puedo
25%
sabes
25%
25%
25%
se
25%
sipi
25%
son
25%
tal
25%
to'
25%
tre'
25%
una
25%
vas
25%
vez
25%
voy
25%
Ya
25%
ya
25%
abajo
0%
agua
0%
ahí
0%
amar
0%
amuleto
0%
andas
0%
Austin
0%
Aventura
0%
Bayamon
0%
bellaca
0%
best
0%
bestial
0%
bichota
0%
Braulio
0%
bregar
0%
brinqué
0%
Bubbies
0%
calentón
0%
call
0%
cama
0%
cele
0%
cero
0%
chamaquita
0%
Chekin Mela
0%
chiquita
0%
ciegas
0%
cintura
0%
city
0%
coma
0%
confi'
0%
corona
0%
coronar
0%
Cotto
0%
cuerpo
0%
Cultura
0%
cura
0%
D-Alexis
0%
debajo
0%
del
0%
demasia'o
0%
desde
0%
despegar
0%
Después
0%
después
0%
dididi
0%
dijo
0%
dime
0%
disimule
0%
dividí
0%
doble D
0%
dura
0%
enamore
0%
encerrona
0%
enchula'o
0%
encima
0%
enrolamo'
0%
envicia'o
0%
está
0%
esta
0%
están
0%
estás
0%
estoy
0%
Estoy
0%
favorita
0%
flores
0%
Fogón
0%
frikitona
0%
frontear
0%
fucking
0%
fugamos
0%
fui
0%
guardo
0%
hacer
0%
hacerlo
0%
hacerte
0%
hay
0%
hechar
0%
hijo'eputa?
0%
hipnoticé
0%
hora
0%
huele
0%
interrumpa
0%
jamás
0%
Jon Z
0%
Karol
0%
labias
0%
la'o
0%
ley
0%
lista
0%
llega
0%
luego
0%
ma'i
0%
Mami
0%
marcando
0%
más
0%
Mayweather
0%
meterme
0%
Miguel
0%
mira
0%
Mis
0%
montón
0%
Muévemelo
0%
nalguita'
0%
nene
0%
nivele'
0%
normal
0%
nota
0%
obsesión
0%
olvidar
0%
otra
0%
pa'i
0%
pantysito
0%
pasado
0%
Pégate
0%
perdió
0%
perdona
0%
perreo
0%
phillie'
0%
Pichea
0%
picky
0%
pierdo
0%
piki
0%
polvo'
0%
ponerte
0%
ponértela
0%
Ponértela
0%
pongo
0%
Ponte
0%
poquito
0%
posición
0%
PR
0%
prendimo'
0%
presidente
0%
prime
0%
probarla
0%
profética'
0%
puesto
0%
puso
0%
Quédate
0%
Quieren
0%
razón
0%
RBD
0%
recupero
0%
Romeo
0%
santa
0%
seller
0%
sentimientos
0%
ser
0%
sonando
0%
su
0%
tarde
0%
TBT
0%
tela
0%
tenerlo
0%
tengo
0%
tiene'
0%
tiene
0%
tienes
0%
tiki
0%
titi
0%
toqué
0%
totito
0%
tus
0%
Vamos
0%
vean
0%
verlo
0%
vida
0%
vivimo'
0%
vivir
0%
vo'a
0%
volver
0%
vuelta
0%
wiki
0%
Wine
0%
Yankee
0%
No se encontraron pruebas coincidentes
Distribución de puntuación
Porcentaje de gente con cada puntuación
Porcentaje por número respondido
Historial de tus puntuaciones
No has intentado esta prueba.